| 000 | 00000nas 2200000zi 4500 |
| 001 | 9.500750 |
| 003 | CaOODSP |
| 005 | 20241104124049 |
| 006 | m o d f |
| 007 | cr ||||||||||| |
| 008 | 150406d19821993oncar p o f0 a0fre|d |
| 022 | |y0704-1489 |
| 040 | |aCaOODSP|bfre|erda|cCaOODSP |
| 043 | |an-cn--- |
| 086 | 1 |aS1F-PDF |
| 110 | 1 |aCanada.|bMinistère du Secrétariat d'État, |eauteur, |eorganisme de publication. |
| 245 | 10|aRapport annuel. |
| 260 | |a[Ottawa] : |bSecrétariat d'État du Canada, |c1983-1993? |
| 310 | |aAnnuel |
| 336 | |atexte|btxt|2rdacontent/fre |
| 337 | |ainformatique|bc|2rdamedia/fre |
| 338 | |aressource en ligne|bcr|2rdacarrier/fre |
| 362 | 1 |aParaît depuis : 1982/1983; ne paraît plus après : 1992/1993? |
| 500 | |aPublié aussi en anglais sous le titre : Annual report. |
| 500 | |aÉdition numérisée de l'imprimée [par Direction des publications du gouvernement du Canada]. |
| 515 | |aL'année d'activité se termine le 31 mars. |
| 550 | |aPublié en callab. avec: 1989-1993?, Multiculturalisme et citoyenneté Canada. |
| 610 | 10|aCanada.|bMinistère du Secrétariat d'État|vPériodiques. |
| 610 | 10|aCanada.|bMulticulturalisme et Citoyenneté |vPériodiques. |
| 650 | 6|aNationalité|zCanada|vPériodiques. |
| 650 | 6|aDroits de l'homme|zCanada|vPériodiques. |
| 650 | 6|aMulticulturalisme|zCanada|vPériodiques. |
| 651 | 6|aCanada|xPolitique et gouvernement|xPériodiques. |
| 651 | 6|aCanada|xLangues|vPériodiques. |
| 655 | 7|aPériodiques|2rvmgf |
| 710 | 1 |aCanada.|bMulticulturalisme et citoyenneté Canada, |eorganisme de publication. |
| 775 | 08|tAnnual report / |w(CaOODSP)9.500749 |
| 780 | 00|tRapport annuel pour l'année se terminant le 31 mars ... / |w(CaOODSP)9.943275 |